|
|
|
|
| LEADER |
00000nam a2200000Ii 4500 |
| 001 |
DIGEDUNAV0346 |
| 003 |
NyNyDIG |
| 006 |
m o d |
| 007 |
cr ||||||||||| |
| 008 |
220606s2007 sp a ob 000 0 spa d |
| 035 |
|
|
|a (OCoLC)847483999
|
| 040 |
|
|
|a DGITA
|b eng
|e rda
|e pn
|c DGITA
|
| 020 |
|
|
|z 9788431324582
|
| 041 |
0 |
|
|a spa
|a eng
|
| 043 |
|
|
|a e-----
|
| 050 |
1 |
4 |
|a HE8700.79.E85 ebook
|
| 082 |
0 |
4 |
|a 384.554094
|
| 111 |
2 |
|
|a Jornadas Internacionales de la Comunicación
|n (20th :
|d 2005 :
|c Pamplona, Spain),
|j author.
|
| 245 |
1 |
4 |
|a Los desafíos de la televisión pública en Europa :
|b actas del XX Congreso Internacional de Comunicación /
|c Elsa Moreno Moreno [and 5 others], (editores)
|
| 264 |
|
1 |
|a Pamplona, España :
|b EUNSA, Ediciones Universidad de Navarra,
|c [2007]
|
| 300 |
|
|
|a 1 online resource :
|b illustrations.
|
| 336 |
|
|
|a text
|b txt
|2 rdacontent
|
| 337 |
|
|
|a computer
|b c
|2 rdamedia
|
| 338 |
|
|
|a online resource
|b cr
|2 rdacarrier
|
| 347 |
|
|
|a text file
|2 rdaft
|
| 347 |
|
|
|b PDF
|
| 500 |
|
|
|a Conference of the faculty of communication of the Universidad de Navarra held in Pamplona, Nov. 10-11, 2005.
|
| 504 |
|
|
|a Includes bibliographical references.
|
| 546 |
|
|
|a Contributions in Spanish and English.
|
| 588 |
0 |
|
|a Online resource; title from PDF title page (Digitalia, viewed June 6, 2022)
|
| 650 |
|
0 |
|a Public television
|z Europe
|v Congresses.
|
| 655 |
|
0 |
|a Electronic books.
|
| 700 |
1 |
|
|a Moreno Moreno, Elsa,
|e editor.
|
| 791 |
2 |
|
|a Digitalia (Firm),
|e distributor.
|
| 793 |
0 |
|
|g Digitalia eBook Collection:
|a Ediciones Universidad de Navarra
|
| 776 |
0 |
8 |
|i Print version:
|a Jornadas Internacionales de la Comunicación (20th : 2005 : Pamplona, Spain)
|t Desafíos de la televisión pública en Europa.
|b Primera edición.
|d Pamplona, España : EUNSA, Ediciones Universidad de Navarra, [2007]
|z 9788431324582
|
| 856 |
4 |
0 |
|3 Digitalia Hispánica
|u https://www.digitaliapublishing.com/a/51316/
|
| 910 |
|
|
|a Premium collection: 2022
|